000 00776nas a2200253 4500
001 BR9103579
003 BR-BrBNA
005 20231205092118.0
007 ta
008 230509b bl.|||p| |||| 00| 00por d
040 _aBR-BrBNA
_bpor
_cBiblioteca Nacional de Agricultura
041 _a(Pt)
072 _aC30; E30
100 1 _aRosso, R.V. de
100 1 _aSorrenson, W.J.
100 1 _aPinheiro, S.L.G.
100 1 _aDalmalza, N.
245 1 _aUtilidade do computador na agricultura: o gerenciamento de propriedades agricolas
650 _aINFORMATICA
650 _aADMINISTRACAO AGRICOLA
773 0 _tAgropecuaria Catarinense (Brazil)
_xISSN 0103-0779
_g(Dec 1990), v. 3(4) p.3-6
_wBR9103579
909 _a202311
_bLúcia
_c55
_dLúcia Elande
942 _2AGRIS
_n0
_cANA
999 _c129414
_d129414